[Event "Senica op 3rd"]
[Site "Senica"]
[Date "2011.08.28"]
[Round "9"]
[White "Hros, Roman"]
[Black "Szirmai, Emil"]
[Result "1-0"]
[WhiteElo "1917"]
[BlackElo "2005"]
[PlyCount "103"]
[EventDate "2011.08.21"]
[EventType "swiss"]
[EventRounds "9"]
[EventCountry "SVK"]
[SourceTitle "CBM 144 Extra"]
[Source "ChessBase"]
[SourceDate "2011.10.28"]
[SourceVersion "1"]
[SourceVersionDate "2011.10.28"]
[SourceQuality "1"]

1. e4 Nf6 2. e5 Nd5 3. d4 d6 4. c4 Nb6 5. exd6 exd6 6. h3 Be7 7. Nf3 Bf5 8. Nc3 0-0 9. Be2 Bf6 10. 0-0 Nc6 11. Be3 d5 12. b3 Re8 13. c5 Nc8 14. Qd2 Bg6 15. Nh2 N6e7 16. Ng4 c6 17. Nxf6+ gxf6 18. Bf4 Nf5 19. g4 Ng7 20. Bh6 f5 21. Kg2 fxg4 22. hxg4 f5 23. Rh1 Qf6 24. g5 Qf7 25. Bxg7 Kxg7 26. f4 Ne7 27. Nd1 Ng8 28. Nf2 Re6 29. Nd3 Rf8 30. Ne5 Qe8 31. Rh3 Ne7 32. Rah1 Rh8 33. Qd1 b6 34. b4 bxc5 35. bxc5 Qd8 36. Qd2 Qb8 37. Rb3 Qc7 38. Rhb1 Rc8 39. Rb7 Qd8 40. Rxa7 Rc7 41. Rbb7 Rxb7 42. Rxb7 Qa8 43. Qb2 Qa5 44. Nxc6 Rxc6 45. Rxe7+ Kf8 46. Qb7 Qd8 47. Qxc6 Qxe7 48. Bf3 Qe3 49. Qd6+ Kg8 50. Bxd5+ Bf7 51. Qd8+ Kg7 52. Qf6+ 1-0

[Event "Senica op 3rd"]
[Site "Senica"]
[Date "2011.08.24"]
[Round "5"]
[White "Szirmai, Emil"]
[Black "Birkenmaier, Rainer"]
[Result "1/2-1/2"]
[WhiteElo "2005"]
[BlackElo "2152"]
[PlyCount "34"]
[EventDate "2011.08.21"]
[EventType "swiss"]
[EventRounds "9"]
[EventCountry "SVK"]
[SourceTitle "CBM 144 Extra"]
[Source "ChessBase"]
[SourceDate "2011.10.28"]
[SourceVersion "1"]
[SourceVersionDate "2011.10.28"]
[SourceQuality "1"]

1. Nf3 d5 2. g3 Nf6 3. Bg2 g6 4. c4 c6 5. cxd5 Nxd5 6. 0-0 Bg7 7. Nc3 0-0 8. d4 Bg4 9. Nxd5 cxd5 10. Ne5 Be6 11. Bf4 Qb6 12. Qd2 Nc6 13. Nxc6 bxc6 14. Rfd1 Bd7 15. Rac1 Rfe8 16. Qc3 Rac8 17. b4 e6 1/2-1/2

[Event "Pardubice opJ"]
[Site "Pardubice"]
[Date "2011.07.16"]
[Round "2"]
[White "Szirmai, Emil"]
[Black "Totsky, Leonid"]
[Result "0-1"]
[WhiteElo "2005"]
[BlackElo "2484"]
[PlyCount "64"]
[EventDate "2011.07.15"]
[EventType "swiss"]
[EventRounds "7"]
[EventCountry "CZE"]
[SourceTitle "CBM 143 Extra"]
[Source "ChessBase"]
[SourceDate "2011.08.29"]
[SourceVersion "1"]
[SourceVersionDate "2011.08.29"]
[SourceQuality "1"]

1. e4 e6 2. d4 d5 3. e5 c5 4. Nf3 Bd7 5. Bd3 Qb6 6. 0-0 cxd4 7. Nbd2 Ne7 8. Nb3 Nbc6 9. Re1 h6 10. Bf1 g5 11. Nfxd4 Bg7 12. Be3 Qd8 13. Nxc6 Nxc6 14. Bd4 b6 15. Bb5 Nxd4 16. Nxd4 Bxb5 17. Nxb5 0-0 18. Nd4 Qd7 19. Qg4 Rae8 20. c3 f6 21. exf6 Rxf6 22. Ne2 Qb5 23. Rab1 Qc5 24. Qd4 Rf7 25. Qxc5 bxc5 26. Nc1 c4 27. Ne2 Rb7 28. Nd4 Kf7 29. Re2 Bxd4 30. cxd4 Rc8 31. Rbe1 Rc6 32. Re3 Rxb2 0-1

[Event "Prague Golden op"]
[Site "Prague"]
[Date "2010.07.??"]
[Round "8"]
[White "Szirmai, Emil"]
[Black "Jaeger, Andre"]
[Result "1/2-1/2"]
[WhiteElo "2000"]
[BlackElo "2050"]
[PlyCount "99"]
[EventDate "2010.07.??"]
[EventType "swiss"]
[EventRounds "9"]
[EventCountry "CZE"]
[SourceTitle "EXT 2012"]
[Source "ChessBase"]
[SourceDate "2011.11.24"]
[SourceVersion "1"]
[SourceVersionDate "2011.11.24"]
[SourceQuality "1"]

1. e4 c5 2. Nf3 Nc6 3. Nc3 Nf6 4. Be2 e5 5. Bc4 Be7 6. d3 h6 7. Nd5 d6 8. Ne3 b5 9. Bb3 Na5 10. Bd5 Nxd5 11. Nxd5 Be6 12. Nxe7 Qxe7 13. a4 b4 14. b3 Nc6 15. 0-0 0-0 16. Be3 f5 17. exf5 Bxf5 18. Nd2 d5 19. f3 Rac8 20. Re1 Qd6 21. Bf2 Ne7 22. Bg3 Ng6 23. Rc1 h5 24. h3 h4 25. Bh2 Rcd8 26. Qe2 Bd7 27. Qf2 Rf5 28. Kh1 Qf8 29. Bg1 Rc8 30. Bh2 Bc6 31. Re2 Bb7 32. Qe1 Re8 33. Nf1 e4 34. Nd2 Nf4 35. Bxf4 Rxf4 36. fxe4 dxe4 37. Nxe4 Bxe4 38. Rxe4 Rfxe4 39. dxe4 Qf4 40. Qg1 Rxe4 41. Re1 Rd4 42. Re2 Qd6 43. Qe3 Rd1+ 44. Re1 Rxe1+ 45. Qxe1 Qd4 46. Qe6+ Kh7 47. Qf5+ Kh6 48. Kh2 Qd6+ 49. Kg1 Qd4+ 50. Kh1 1/2-1/2

[Event "Prague Golden op"]
[Site "Prague"]
[Date "2010.07.??"]
[Round "5"]
[White "Szirmai, Emil"]
[Black "Sargsjan, Karen"]
[Result "1/2-1/2"]
[WhiteElo "2000"]
[BlackElo "1840"]
[PlyCount "113"]
[EventDate "2010.07.??"]
[EventType "swiss"]
[EventRounds "9"]
[EventCountry "CZE"]
[SourceTitle "EXT 2012"]
[Source "ChessBase"]
[SourceDate "2011.11.24"]
[SourceVersion "1"]
[SourceVersionDate "2011.11.24"]
[SourceQuality "1"]

1. e4 c5 2. Nf3 e6 3. b3 d5 4. exd5 exd5 5. Bb5+ Nc6 6. Ne5 Qd6 7. 0-0 Be6 8. Re1 a6 9. Bxc6+ bxc6 10. d4 Qc7 11. Bf4 Qb7 12. c4 Nf6 13. Nc3 Rd8 14. cxd5 Nxd5 15. Nxd5 Rxd5 16. Rc1 Be7 17. Qf3 0-0 18. dxc5 Bxc5 19. Qg3 Rfd8 20. Bg5 f6 21. Bxf6 Rf8 22. Rxc5 Rxc5 23. Nd3 Rf5 24. Bc3 Bd5 25. Bb4 Rxf2 26. Nxf2 Qxb4 27. Qe3 Qa5 28. Re2 Qb4 29. Nd1 Qg4 30. Nc3 Bf7 31. h3 Qg6 32. Qe4 Qd6 33. Qe5 Qd3 34. Qe3 Qd6 35. Rd2 Qf6 36. Rf2 Qd6 37. Qf4 Qd7 38. Ne4 h6 39. Kh2 Qe7 40. Qg4 Bd5 41. Rxf8+ Qxf8 42. Nc3 Qd6+ 43. Qg3 Qe6 44. Qb8+ Kh7 45. Qf4 Qg6 46. Qg3 Qc2 47. h4 Bxg2 48. Qxg2 Qxc3 49. Qe4+ Kh8 50. Qe8+ Kh7 51. Qe4+ g6 52. Qe7+ Qg7 53. Qd6 Qb2+ 54. Kg3 Qc3+ 55. Kh2 Qc2+ 56. Kg3 Qc3+ 57. Kh2 1/2-1/2

[Event "Prague Golden op"]
[Site "Prague"]
[Date "2010.07.??"]
[Round "3"]
[White "Szirmai, Emil"]
[Black "Tuma, Jakub"]
[Result "0-1"]
[WhiteElo "2000"]
[BlackElo "2320"]
[PlyCount "68"]
[EventDate "2010.07.??"]
[EventType "swiss"]
[EventRounds "9"]
[EventCountry "CZE"]
[SourceTitle "EXT 2012"]
[Source "ChessBase"]
[SourceDate "2011.11.24"]
[SourceVersion "1"]
[SourceVersionDate "2011.11.24"]
[SourceQuality "1"]

1. Nf3 Nf6 2. g3 g6 3. Bg2 Bg7 4. c4 0-0 5. Nc3 d6 6. d3 c6 7. 0-0 e5 8. e4 Nbd7 9. d4 Qa5 10. dxe5 dxe5 11. Rb1 Qb4 12. Nd2 Nb6 13. a3 Qe7 14. Qc2 Bh6 15. b3 Rd8 16. Nf3 Bxc1 17. Rbxc1 Bg4 18. Nb1 Nbd7 19. h3 Bxf3 20. Bxf3 Nc5 21. Rfd1 Ne6 22. Kg2 Nd4 23. Qb2 Qe6 24. Rd3 Nxf3 25. Rxf3 Nxe4 26. Re3 Rd4 27. Rce1 Qf5 28. Qc2 Nxg3 29. Qxf5 Nxf5 30. Rxe5 Rd3 31. b4 Nh4+ 32. Kf1 Rxh3 33. Re7 Nf5 34. Rxb7 Rh1+ 0-1

[Event "Prague Golden op"]
[Site "Prague"]
[Date "2010.07.??"]
[Round "1"]
[White "Szirmai, Emil"]
[Black "Vavra, Pavel"]
[Result "0-1"]
[WhiteElo "2000"]
[BlackElo "2345"]
[PlyCount "50"]
[EventDate "2010.07.??"]
[EventType "swiss"]
[EventRounds "9"]
[EventCountry "CZE"]
[SourceTitle "EXT 2012"]
[Source "ChessBase"]
[SourceDate "2011.11.24"]
[SourceVersion "1"]
[SourceVersionDate "2011.11.24"]
[SourceQuality "1"]

1. e4 c5 2. Nf3 Nc6 3. Bb5 g6 4. Bxc6 bxc6 5. 0-0 Bg7 6. d3 d6 7. Qe2 e5 8. Be3 Ne7 9. c3 0-0 10. d4 cxd4 11. cxd4 f5 12. exf5 e4 13. Ng5 gxf5 14. Qh5 h6 15. Nh3 Qe8 16. Qh4 f4 17. Nxf4 Nf5 18. Qh5 Qxh5 19. Nxh5 Bxd4 20. Bxd4 Nxd4 21. Nc3 d5 22. Ng3 Nc2 23. Rac1 Nb4 24. Na4 Nxa2 25. Rxc6 Bd7 0-1

[Event "CZE-chT2A 0910"]
[Site "Czech Republic"]
[Date "2010.03.28"]
[Round "10.8"]
[White "Hlavsa, Filip"]
[Black "Szirmai, Emil"]
[Result "0-1"]
[WhiteElo "1766"]
[BlackElo "2035"]
[PlyCount "50"]
[EventDate "2009.10.18"]
[EventType "team-tourn"]
[EventRounds "11"]
[EventCountry "CZE"]
[SourceTitle "EXT 2012"]
[Source "ChessBase"]
[SourceDate "2011.11.24"]
[SourceVersion "1"]
[SourceVersionDate "2011.11.24"]
[SourceQuality "1"]
[WhiteTeam "Pisek Platan"]
[BlackTeam "Praha Bohemians II"]
[WhiteTeamCountry "CZE"]
[BlackTeamCountry "CSR"]

1. e4 Nf6 2. e5 Nd5 3. d4 d6 4. exd6 cxd6 5. Nf3 g6 6. c3 Bg7 7. Be3 Nxe3 8. fxe3 0-0 9. Bd3 e5 10. 0-0 Qe7 11. Nbd2 exd4 12. Re1 dxc3 13. bxc3 Bxc3 14. Rc1 Bg7 15. e4 Nc6 16. Bb5 Ne5 17. Rc2 a6 18. Bf1 Bg4 19. a4 Rac8 20. Nc4 Nxc4 21. Bxc4 Qf6 22. Bd5 Rxc2 23. Qxc2 Bxf3 24. gxf3 Qxf3 25. Rf1 Bd4+ 0-1

[Event "CZE-chT2A 0910"]
[Site "Czech Republic"]
[Date "2009.11.17"]
[Round "4.6"]
[White "Szirmai, Emil"]
[Black "Koubek, Vaclav1111"]
[Result "0-1"]
[WhiteElo "2035"]
[BlackElo "2080"]
[PlyCount "52"]
[EventDate "2009.10.18"]
[EventType "team-tourn"]
[EventRounds "11"]
[EventCountry "CZE"]
[SourceTitle "EXT 2012"]
[Source "ChessBase"]
[SourceDate "2011.11.24"]
[SourceVersion "1"]
[SourceVersionDate "2011.11.24"]
[SourceQuality "1"]
[WhiteTeam "Praha Bohemians II"]
[BlackTeam "Zizkov"]
[WhiteTeamCountry "CSR"]
[BlackTeamCountry "CZE"]

1. e4 e5 2. Bc4 Bc5 3. Nf3 Nc6 4. Nc3 Nf6 5. d3 d6 6. a3 a6 7. h3 Be6 8. Nd5 h6 9. c3 Ba7 10. b4 0-0 11. g4 Nh7 12. Qe2 b5 13. Ba2 a5 14. Ne3 axb4 15. cxb4 Nd4 16. Nxd4 Bxd4 17. Rb1 Bxe3 18. Bxe3 Rxa3 19. Bxe6 fxe6 20. Qd2 Qf6 21. 0-0 Qh4 22. Kg2 d5 23. Qb2 Rxd3 24. Qxe5 Ng5 25. Rh1 Rxe3 26. f4 Re2+ 0-1

[Event "Prague op-A 08th"]
[Site "Prague"]
[Date "2009.01.16"]
[Round "9"]
[White "Szirmai, Emil"]
[Black "Schula, Michal"]
[Result "0-1"]
[WhiteElo "2061"]
[BlackElo "2312"]
[PlyCount "70"]
[EventDate "2009.01.09"]
[EventType "swiss"]
[EventRounds "9"]
[EventCountry "CZE"]
[SourceTitle "CBM 128 Extra"]
[Source "ChessBase"]
[SourceDate "2009.03.05"]
[SourceVersion "2"]
[SourceVersionDate "2009.03.25"]
[SourceQuality "1"]

1. e4 c5 2. Nf3 d6 3. c3 Nf6 4. Be2 g6 5. 0-0 Bg7 6. Re1 0-0 7. Bf1 Nc6 8. h3 e5 9. d4 exd4 10. cxd4 cxd4 11. Nxd4 Nxd4 12. Qxd4 Re8 13. Bg5 h6 14. Bxf6 Qxf6 15. Qxf6 Bxf6 16. Nc3 Bxc3 17. bxc3 Be6 18. Red1 Rec8 19. Rxd6 Rxc3 20. Rd2 Ra3 21. Be2 h5 22. Rb1 b6 23. Rbb2 Rc8 24. Bd3 Rc1+ 25. Kh2 g5 26. g3 h4 27. g4 Rcc3 28. Bf1 Kg7 29. Bg2 Kf6 30. Re2 Ra5 31. Rbd2 Rca3 32. Kg1 Ke5 33. Rd8 Rxa2 34. Re3 Ra1+ 35. Kh2 R5a3 0-1

[Event "Prague-ch 3rd phase"]
[Site "Prague"]
[Date "2008.04.24"]
[Round "3"]
[White "Sedlacek, Tomas"]
[Black "Szirmai, Emil"]
[Result "1-0"]
[WhiteElo "2064"]
[BlackElo "2103"]
[PlyCount "65"]
[EventDate "2008.04.10"]
[EventType "swiss"]
[EventRounds "9"]
[EventCountry "CZE"]
[SourceTitle "EXT 2010"]
[Source "ChessBase"]
[SourceDate "2010.11.25"]
[SourceVersion "1"]
[SourceVersionDate "2010.11.25"]
[SourceQuality "1"]

1. d4 Nf6 2. Bf4 g6 3. Nf3 Bg7 4. Nbd2 d5 5. e3 Nbd7 6. b4 Nh5 7. c3 Nxf4 8. exf4 Nf6 9. Bd3 e6 10. Ne5 Nd7 11. Qe2 c6 12. Ndf3 a5 13. Nxf7 Kxf7 14. Ng5+ Ke8 15. Nxe6 Qe7 16. Nc7+ Kd8 17. Ne6+ Ke8 18. Nc7+ Kd8 19. Qxe7+ Kxe7 20. Nxa8 axb4 21. cxb4 Bxd4 22. Rb1 b5 23. Nc7 Kd6 24. Nxb5+ cxb5 25. 0-0 Kc6 26. Rbc1+ Kb6 27. Rfd1 Bf6 28. Re1 Nb8 29. Rc5 Bd7 30. Rxd5 Bc3 31. Re7 Bxb4 32. Rexd7 Nxd7 33. Rxb5+ 1-0

[Event "Piestany Pressburg op"]
[Site "Piestany"]
[Date "2007.11.14"]
[Round "1"]
[White "Szirmai, Emil"]
[Black "Bincik, Pavol"]
[Result "1/2-1/2"]
[WhiteElo "2086"]
[BlackElo "1933"]
[PlyCount "72"]
[EventDate "2007.11.14"]
[EventType "swiss"]
[EventRounds "7"]
[EventCountry "SVK"]
[SourceTitle "CBM 121 Extra"]
[Source "ChessBase"]
[SourceDate "2008.01.10"]
[SourceVersion "1"]
[SourceVersionDate "2008.01.10"]
[SourceQuality "1"]

1. e4 c6 2. d4 d5 3. exd5 cxd5 4. c4 Nf6 5. Nc3 Nc6 6. Bg5 e6 7. Nf3 Be7 8. c5 0-0 9. Bd3 b6 10. Bb5 Bd7 11. Bxc6 Bxc6 12. Ne5 Rc8 13. b4 bxc5 14. bxc5 Qa5 15. Bd2 Qa6 16. Qe2 Qxe2+ 17. Kxe2 Ne4 18. Nxc6 Nxc3+ 19. Bxc3 Rxc6 20. Rhb1 e5 21. Rb7 exd4 22. Bxd4 Bxc5 23. Bxc5 Rxc5 24. Rxa7 g6 25. Kd2 Rb8 26. Ke3 Rb2 27. a4 Rcc2 28. a5 Rxf2 29. a6 Ra2 30. Rxa2 Rxa2 31. Ra8+ Kg7 32. a7 Ra4 33. g4 f5 34. g5 Ra3+ 35. Kf4 Ra4+ 36. Ke3 Ra3+ 1/2-1/2

[Event "Prague op-A 06th"]
[Site "Prague"]
[Date "2007.01.13"]
[Round "3"]
[White "Szirmai, Emil"]
[Black "Chevry, Philippe"]
[Result "1-0"]
[WhiteElo "2084"]
[BlackElo "1913"]
[PlyCount "39"]
[EventDate "2007.01.11"]
[EventType "swiss"]
[EventRounds "9"]
[EventCountry "CZE"]
[SourceTitle "CBM 116 Extra"]
[Source "ChessBase"]
[SourceDate "2007.03.07"]
[SourceVersion "1"]
[SourceVersionDate "2007.03.07"]
[SourceQuality "1"]

1. e4 c5 2. Nf3 d6 3. c3 Nf6 4. Be2 Nc6 5. d4 cxd4 6. cxd4 Nxe4 7. d5 Qa5+ 8. Nc3 Nxc3 9. bxc3 Ne5 10. Nxe5 Qxc3+ 11. Bd2 Qxe5 12. 0-0 Bd7 13. Bf3 e6 14. Qb3 Rb8 15. Rac1 Be7 16. Rc7 b5 17. Qc2 a5 18. Rxd7 Bd8 19. dxe6 fxe6 20. Qc6 1-0

[Event "Prague KS op-A"]
[Site "Prague"]
[Date "2007.??.??"]
[Round "5"]
[White "Maly, Petr"]
[Black "Szirmai, Emil"]
[Result "0-1"]
[WhiteElo "1575"]
[BlackElo "2072"]
[PlyCount "76"]
[EventDate "2007.??.??"]
[EventType "swiss"]
[EventRounds "9"]
[EventCountry "CZE"]
[SourceTitle "EXT 2008"]
[Source "ChessBase"]
[SourceDate "2007.11.25"]
[SourceVersion "1"]
[SourceVersionDate "2007.11.25"]
[SourceQuality "1"]

1. c4 g6 2. Nc3 Bg7 3. g3 Nf6 4. Bg2 0-0 5. e3 c5 6. Nge2 d6 7. 0-0 Nc6 8. d4 cxd4 9. exd4 Bf5 10. a3 Qd7 11. b4 Bh3 12. f3 Bxg2 13. Kxg2 d5 14. Bf4 dxc4 15. d5 Nd8 16. Rc1 Nh5 17. Be3 e6 18. dxe6 Qxe6 19. Bf2 Nc6 20. Qd5 Qxd5 21. Nxd5 b5 22. Nc7 Rab8 23. Nc3 Bxc3 24. Rxc3 Rfd8 25. Re1 Nf6 26. Rce3 Rdc8 27. Na6 Ra8 28. Nc5 Nd5 29. Re4 a5 30. bxa5 Rxa5 31. Nb7 Rxa3 32. Re8+ Rxe8 33. Rxe8+ Kg7 34. Bc5 Ra2+ 35. Kh3 h5 36. Bf8+ Kh7 37. Nd6 Nd4 38. Nxf7 Nxf3 0-1

[Event "Prague KS op-A"]
[Site "Prague"]
[Date "2007.??.??"]
[Round "8"]
[White "Szirmai, Emil"]
[Black "Haba, Zdenek"]
[Result "1/2-1/2"]
[WhiteElo "2072"]
[BlackElo "2215"]
[PlyCount "39"]
[EventDate "2007.??.??"]
[EventType "swiss"]
[EventRounds "9"]
[EventCountry "CZE"]
[SourceTitle "EXT 2008"]
[Source "ChessBase"]
[SourceDate "2007.11.25"]
[SourceVersion "1"]
[SourceVersionDate "2007.11.25"]
[SourceQuality "1"]

1. e4 c5 2. Nf3 g6 3. Nc3 Bg7 4. d3 Nc6 5. g3 e6 6. Bg2 Nge7 7. 0-0 0-0 8. Bf4 d5 9. exd5 exd5 10. Re1 a6 11. Ne5 Be6 12. Qd2 Re8 13. Nxc6 Nxc6 14. Bh6 Bxh6 15. Qxh6 Nd4 16. Qd2 Qd7 17. Ne2 Nxe2+ 18. Rxe2 Bg4 19. Rxe8+ Rxe8 20. Re1 1/2-1/2

[Event "Prague ProMoPro op"]
[Site "Prague"]
[Date "2006.09.17"]
[Round "9"]
[White "Szirmai, Emil"]
[Black "Vokoun, Jan"]
[Result "0-1"]
[WhiteElo "2074"]
[BlackElo "2217"]
[PlyCount "92"]
[EventDate "2006.09.09"]
[EventType "swiss"]
[EventRounds "9"]
[EventCountry "CZE"]
[SourceTitle "CBM 114 Extra"]
[Source "ChessBase"]
[SourceDate "2006.11.03"]
[SourceVersion "1"]
[SourceVersionDate "2006.11.03"]
[SourceQuality "1"]

1. e4 c5 2. Nf3 Nc6 3. Bb5 Qb6 4. Nc3 e6 5. 0-0 Nge7 6. Re1 a6 7. Bf1 d6 8. b3 Nd4 9. Na4 Qc7 10. c3 Nxf3+ 11. Qxf3 Nc6 12. Qe3 e5 13. Nb2 g6 14. Nd1 Bg7 15. Qg3 b5 16. Ne3 Be6 17. Bb2 0-0 18. Rad1 f5 19. exf5 gxf5 20. f4 Rf6 21. c4 Nd4 22. Rc1 Rg6 23. Qf2 Qb7 24. Bxd4 cxd4 25. Nd1 e4 26. Be2 d3 27. Bf1 bxc4 28. bxc4 Rc8 29. c5 Qb4 30. Ne3 dxc5 31. Rb1 Qa5 32. Rb7 Qd8 33. Kh1 Bd4 34. g4 Rxg4 35. Bh3 Rg6 36. Rg1 Rc7 37. Rb6 Rcg7 38. Rxg6 Rxg6 39. Rxe6 Rxe6 40. Bxf5 Re7 41. Bxe4 Kh8 42. Qh4 Qd7 43. Bf3 Bxe3 44. Qf6+ Rg7 45. dxe3 d2 46. Qa1 Qd3 0-1

[Event "Prague ProMoPro op"]
[Site "Prague"]
[Date "2006.09.14"]
[Round "6"]
[White "Erneker, Josef"]
[Black "Szirmai, Emil"]
[Result "1/2-1/2"]
[WhiteElo "2198"]
[BlackElo "2074"]
[PlyCount "130"]
[EventDate "2006.09.09"]
[EventType "swiss"]
[EventRounds "9"]
[EventCountry "CZE"]
[SourceTitle "CBM 114 Extra"]
[Source "ChessBase"]
[SourceDate "2006.11.03"]
[SourceVersion "1"]
[SourceVersionDate "2006.11.03"]
[SourceQuality "1"]

1. c4 c5 2. Nc3 Nc6 3. g3 g6 4. Bg2 Bg7 5. e4 e5 6. Nge2 Nge7 7. 0-0 0-0 8. d3 d6 9. h3 Nd4 10. Nxd4 cxd4 11. Ne2 Rb8 12. f4 f5 13. exf5 Nxf5 14. fxe5 dxe5 15. g4 Nd6 16. Bd5+ Kh8 17. Rxf8+ Bxf8 18. Ng3 b6 19. Qf3 Bb7 20. Kg2 Bg7 21. Bd2 Qf6 22. Bb4 Qxf3+ 23. Bxf3 Bxf3+ 24. Kxf3 Nf7 25. Ne4 Bf8 26. Bd2 Be7 27. Kg3 Kg7 28. Re1 Rf8 29. Kg2 Nd8 30. Ng5 Bxg5 31. Bxg5 Nf7 32. Bd2 Kf6 33. g5+ Kg7 34. h4 Re8 35. Bb4 h6 36. Bd2 hxg5 37. hxg5 Nd6 38. Kf3 e4+ 39. dxe4 Nxc4 40. Bb4 Ne5+ 41. Ke2 Nc6 42. Bd2 Rxe4+ 43. Kd3 Rxe1 44. Bxe1 Kf7 45. Ke4 Ke6 46. Bd2 Kd6 47. b4 b5 48. a3 Ke6 49. Bf4 a6 50. Bc7 d3 51. Bf4 Ne5 52. Bc1 Nc4 53. Kxd3 Kd5 54. Kc3 Ke4 55. Kb3 Nb6 56. Bd2 Nd5 57. a4 Nc7 58. axb5 axb5 59. Kc3 Ne6 60. Bc1 Kf5 61. Kd3 Nxg5 62. Kd4 Ne4 63. Kd5 Nc3+ 64. Kc5 Ke4 65. Bd2 Kd3 1/2-1/2

[Event "Prague-ch 3rd lag"]
[Site "Prague"]
[Date "2006.04.27"]
[Round "3"]
[White "Szirmai, Emil"]
[Black "Siktanc, Petr"]
[Result "0-1"]
[WhiteElo "2058"]
[BlackElo "2165"]
[PlyCount "84"]
[EventDate "2006.04.13"]
[EventType "swiss"]
[EventRounds "7"]
[EventCountry "CZE"]
[SourceTitle "EXT 2008"]
[Source "ChessBase"]
[SourceDate "2007.11.25"]
[SourceVersion "1"]
[SourceVersionDate "2007.11.25"]
[SourceQuality "1"]

1. e4 e6 2. d4 d5 3. Nc3 Nf6 4. Bg5 dxe4 5. Nxe4 Be7 6. Bxf6 gxf6 7. Nf3 a6 8. Qe2 f5 9. Nc3 b5 10. 0-0-0 Bb7 11. Kb1 c6 12. Ne5 Nd7 13. Nxd7 Qxd7 14. Qe3 0-0-0 15. Be2 Bf6 16. d5 cxd5 17. Qa7 Bxc3 18. bxc3 Qc7 19. Kb2 Rd6 20. Qd4 Rhd8 21. Rd3 Rc6 22. Rh3 Kb8 23. f4 b4 24. Rxh7 Rxc3 25. Bd3 Qa5 26. Rh8 Rxh8 27. Qxh8+ Rc8 28. Qd4 Bc6 29. h4 Bb5 30. Bxb5 axb5 31. Rh3 Kb7 32. Rb3 Rc4 33. Qf6 Qc7 34. c3 d4 35. Qe5 bxc3+ 36. Kc1 Qxe5 37. fxe5 Kb6 38. h5 Ka5 39. h6 Rc8 40. Ra3+ Kb4 41. Ra7 Rh8 42. Rd7 Rxh6 0-1

[Event "Prague op 05th"]
[Site "Prague"]
[Date "2006.01.18"]
[Round "7"]
[White "Szirmai, Emil"]
[Black "Gschwendtner, Stanislav"]
[Result "1-0"]
[WhiteElo "2058"]
[BlackElo "2132"]
[PlyCount "49"]
[EventDate "2006.01.13"]
[EventType "swiss"]
[EventRounds "9"]
[EventCountry "CZE"]
[SourceTitle "CBM 110 Extra"]
[Source "ChessBase"]
[SourceDate "2006.03.10"]
[SourceVersion "2"]
[SourceVersionDate "2006.03.10"]
[SourceQuality "1"]

1. e4 c5 2. Nf3 d6 3. c3 Nf6 4. Be2 Nc6 5. d4 cxd4 6. cxd4 Nxe4 7. d5 Qa5+ 8. Nc3 Nxc3 9. bxc3 Ne5 10. Nxe5 dxe5 11. 0-0 g6 12. Qb3 a6 13. Be3 e6 14. dxe6 Bxe6 15. Qxb7 Bd5 16. Qb2 Bg7 17. c4 Bc6 18. Bd2 Qc5 19. Bb4 Rb8 20. Rab1 Qa7 21. Qa3 Qb7 22. Bf8 Bxf8 23. Rxb7 Rxb7 24. Qxa6 Kd7 25. Rd1+ 1-0

[Event "Prague op 05th"]
[Site "Prague"]
[Date "2006.01.13"]
[Round "1"]
[White "Meduna, Eduard"]
[Black "Szirmai, Emil"]
[Result "1-0"]
[WhiteElo "2460"]
[BlackElo "2058"]
[PlyCount "55"]
[EventDate "2006.01.13"]
[EventType "swiss"]
[EventRounds "9"]
[EventCountry "CZE"]
[SourceTitle "CBM 110 Extra"]
[Source "ChessBase"]
[SourceDate "2006.03.10"]
[SourceVersion "2"]
[SourceVersionDate "2006.03.10"]
[SourceQuality "1"]

1. d4 Nf6 2. c4 c5 3. d5 b5 4. Qc2 e6 5. e4 bxc4 6. Bxc4 exd5 7. exd5 g6 8. Nc3 Bg7 9. Qe2+ Qe7 10. Nb5 Qxe2+ 11. Nxe2 Kd8 12. Bf4 Ne8 13. 0-0-0 a6 14. Nd6 Nxd6 15. Bxd6 Bf8 16. Be5 Bh6+ 17. Kb1 Re8 18. Bf6+ Kc7 19. d6+ Kb6 20. Nc3 Bb7 21. f3 Bc6 22. Be7 f5 23. Rd3 a5 24. Nd5+ Bxd5 25. Bxd5 Nc6 26. Rb3+ Ka6 27. Bxc6 dxc6 28. Rd1 1-0

[Event "Piestany op"]
[Site "Piestany"]
[Date "2004.11.18"]
[Round "3"]
[White "Zdrazil, Bohumir"]
[Black "Szirmai, Emil"]
[Result "1-0"]
[WhiteElo "1965"]
[BlackElo "2105"]
[PlyCount "73"]
[EventDate "2004.11.17"]
[EventType "swiss"]
[EventRounds "7"]
[EventCountry "SVK"]
[SourceTitle "EXT 2006"]
[Source "ChessBase"]
[SourceDate "2005.11.24"]
[SourceVersion "1"]
[SourceVersionDate "2005.11.24"]
[SourceQuality "1"]

1. e4 c5 2. Nf3 Nc6 3. Nc3 a6 4. d4 cxd4 5. Nxd4 e5 6. Nxc6 bxc6 7. Bc4 Bc5 8. 0-0 Qh4 9. Qd3 Nf6 10. Qg3 Qxg3 11. hxg3 Rb8 12. Re1 Ng4 13. Nd1 Rb4 14. b3 d5 15. exd5 cxd5 16. Bxd5 Rd4 17. Bc6+ Bd7 18. Bxd7+ Rxd7 19. Ne3 Bd4 20. Rb1 Nxe3 21. Bxe3 Bxe3 22. Rxe3 0-0 23. Rxe5 Rd2 24. Rc1 f6 25. Re6 Ra8 26. Kf1 Kf7 27. Re2 Rd6 28. c4 a5 29. Ke1 Rb8 30. Rd1 Rc6 31. Rd7+ Kg6 32. Ree7 a4 33. Rxg7+ Kf5 34. Rde7 axb3 35. g4+ Kf4 36. Re3 Re6 37. g3# 1-0